[Event "Russian Blitz Team Championship (w)"]
[Site "Sochi"]
[Date "2022.10.17"]
[Round "8.8"]
[White "Loskutova, Viktoriya"]
[Black "Charochkina, Daria"]
[Result "1/2-1/2"]
[BlackElo "2282"]
[WhiteElo "2056"]
[LiveChessVersion "1.4.8"]

1. e4 {[%clk 0:03:03]} d6 {[%clk 0:03:02]} 2. d4 {[%clk 0:03:03]} Nf6
{[%clk 0:03:03]} 3. Nc3 {[%clk 0:03:03]} g6 {[%clk 0:03:04]} 4. f4
{[%clk 0:03:03]} Bg7 {[%clk 0:03:02]} 5. Nf3 {[%clk 0:03:03]} O-O
{[%clk 0:02:51]} 6. Bd3 {[%clk 0:02:42]} c5 {[%clk 0:02:30]} 7. d5
{[%clk 0:02:43]} Na6 {[%clk 0:02:30]} 8. O-O {[%clk 0:02:35]} Nb4
{[%clk 0:02:31]} 9. Bc4 {[%clk 0:02:23]} Bg4 {[%clk 0:02:24]} 10. a3
{[%clk 0:02:16]} Na6 {[%clk 0:02:22]} 11. Bxa6 {[%clk 0:01:38]} bxa6
{[%clk 0:02:23]} 12. Qe2 {[%clk 0:01:37]} a5 {[%clk 0:01:59]} 13. h3
{[%clk 0:01:30]} Bd7 {[%clk 0:01:52]} 14. e5 {[%clk 0:01:06]} Ne8
{[%clk 0:01:48]} 15. Re1 {[%clk 0:00:57]} Nc7 {[%clk 0:01:45]} 16. Bd2
{[%clk 0:00:52]} Rb8 {[%clk 0:01:46]} 17. Rab1 {[%clk 0:00:43]} Bf5
{[%clk 0:01:20]} 18. Be3 {[%clk 0:00:33]} Qc8 {[%clk 0:00:52]} 19. Na4
{[%clk 0:00:16]} Nxd5 {[%clk 0:00:50]} 20. Bc1 {[%clk 0:00:15]} Qc6
{[%clk 0:00:49]} 21. Qc4 {[%clk 0:00:12]} Be6 {[%clk 0:00:47]} 22. Nc3
{[%clk 0:00:11]} Nxc3 {[%clk 0:00:38]} 23. Qxc3 {[%clk 0:00:12]} a4
{[%clk 0:00:39]} 24. Qd3 {[%clk 0:00:12]} Rfd8 {[%clk 0:00:38]} 25. Qe2
{[%clk 0:00:13]} Bd5 {[%clk 0:00:38]} 26. Nd2 {[%clk 0:00:13]} c4
{[%clk 0:00:38]} 27. c3 {[%clk 0:00:14]} dxe5 {[%clk 0:00:37]} 28. fxe5
{[%clk 0:00:15]} Rb6 {[%clk 0:00:38]} 29. Kh2 {[%clk 0:00:15]} Qc7
{[%clk 0:00:36]} 30. Nf3 {[%clk 0:00:16]} Re6 {[%clk 0:00:36]} 31. Bf4
{[%clk 0:00:17]} Bxf3 {[%clk 0:00:34]} 32. gxf3 {[%clk 0:00:16]} g5
{[%clk 0:00:33]} 33. Bg3 {[%clk 0:00:17]} Rd3 {[%clk 0:00:33]} 34. Qe4
{[%clk 0:00:17]} h5 {[%clk 0:00:30]} 35. Kh1 {[%clk 0:00:18]} h4 {[%clk 0:00:31]}
36. Bh2 {[%clk 0:00:19]} Qc6 {[%clk 0:00:23]} 37. Qxc6 {[%clk 0:00:18]} Rxc6
{[%clk 0:00:24]} 38. f4 {[%clk 0:00:18]} Rxh3 {[%clk 0:00:22]} 39. fxg5
{[%clk 0:00:19]} Rg6 {[%clk 0:00:23]} 40. Rg1 {[%clk 0:00:19]} Bxe5
{[%clk 0:00:24]} 41. Rg2 {[%clk 0:00:21]} Bxh2 {[%clk 0:00:22]} 42. Rxh2
{[%clk 0:00:21]} Rxh2+ {[%clk 0:00:23]} 43. Kxh2 {[%clk 0:00:22]} Rxg5
{[%clk 0:00:25]} 44. Kh3 {[%clk 0:00:23]} Rb5 {[%clk 0:00:19]} 45. Kxh4
{[%clk 0:00:24]} Kg7 {[%clk 0:00:19]} 46. Rg1+ {[%clk 0:00:24]} Kf6
{[%clk 0:00:20]} 47. Rg2 {[%clk 0:00:24]} Rb6 {[%clk 0:00:14]} 48. Kg4
{[%clk 0:00:24]} Ke5 {[%clk 0:00:13]} 49. Re2+ {[%clk 0:00:25]} Kd6
{[%clk 0:00:13]} 50. Kf4 {[%clk 0:00:25]} Kd7 {[%clk 0:00:13]} 51. Rd2+
{[%clk 0:00:25]} Rd6 {[%clk 0:00:12]} 52. Re2 {[%clk 0:00:26]} Rf6+
{[%clk 0:00:11]} 53. Kg5 {[%clk 0:00:27]} Rf1 {[%clk 0:00:11]} 54. Re4
{[%clk 0:00:28]} Rb1 {[%clk 0:00:12]} 55. Rd4+ {[%clk 0:00:28]} Ke6
{[%clk 0:00:11]} 56. Rxc4 {[%clk 0:00:29]} Rxb2 {[%clk 0:00:12]} 57. Rxa4
{[%clk 0:00:30]} Rb5+ {[%clk 0:00:11]} 58. Kf4 {[%clk 0:00:30]} Rb7
{[%clk 0:00:12]} 59. Ra6+ {[%clk 0:00:29]} Kd5 {[%clk 0:00:12]} 60. Ra4
{[%clk 0:00:29]} e6 {[%clk 0:00:09]} 61. Ke3 {[%clk 0:00:30]} f5 {[%clk 0:00:10]}
62. Ra6 {[%clk 0:00:29]} Re7 {[%clk 0:00:09]} 63. a4 {[%clk 0:00:29]} Kc4
{[%clk 0:00:10]} 64. Rc6+ {[%clk 0:00:29]} Kd5 {[%clk 0:00:10]} 65. Ra6
{[%clk 0:00:29]} Rc7 {[%clk 0:00:10]} 66. Kd3 {[%clk 0:00:30]} e5
{[%clk 0:00:10]} 67. Ra5+ {[%clk 0:00:31]} Kd6 {[%clk 0:00:10]} 68. Ra6+
{[%clk 0:00:31]} Kc5 {[%clk 0:00:11]} 69. Ra5+ {[%clk 0:00:32]} Kd6
{[%clk 0:00:13]} 70. Ra6+ {[%clk 0:00:33]} Ke7 {[%clk 0:00:14]} 71. Rh6
{[%clk 0:00:32]} Rd7+ {[%clk 0:00:11]} 72. Ke3 {[%clk 0:00:32]} Rc7
{[%clk 0:00:06]} 73. Kd3 {[%clk 0:00:32]} Rd7+ {[%clk 0:00:07]} 74. Ke3
{[%clk 0:00:33]} e4 {[%clk 0:00:05]} 75. Kf4 {[%clk 0:00:34]} Rd3
{[%clk 0:00:05]} 76. Kxf5 {[%clk 0:00:34]} e3 {[%clk 0:00:07]} 77. Re6+
{[%clk 0:00:34]} Kd7 {[%clk 0:00:08]} 78. c4 {[%clk 0:00:33]} Rc3
{[%clk 0:00:07]} 79. Re4 {[%clk 0:00:34]} Kd6 {[%clk 0:00:07]} 80. Kf4
{[%clk 0:00:35]} Kc5 {[%clk 0:00:08]} 81. Rxe3 Rxc4+ {[%clk 0:00:09]} 82. Re4
{[%clk 0:00:36]} Rc1 {[%clk 0:00:07]} 83. Re7 {[%clk 0:00:36]} Rf1+
{[%clk 0:00:08]} 84. Kg3 {[%clk 0:00:36]} a5 {[%clk 0:00:08]} 85. Rb7
{[%clk 0:00:34]} Rg1+ {[%clk 0:00:07]} 86. Kf2 {[%clk 0:00:35]} Ra1
{[%clk 0:00:06]} 87. Rb5+ {[%clk 0:00:36]} Kc4 {[%clk 0:00:08]} 88. Rxa5
{[%clk 0:00:37]} Kb4 {[%clk 0:00:09]} 89. Ra7 {[%clk 0:00:38]} 1/2-1/2

[Event "Russian Blitz Team Championship (w)"]
[Site "Sochi"]
[Date "2022.10.17"]
[Round "8.9"]
[White "Diakonova, Ekaterina"]
[Black "Voit, Daria"]
[Result "1-0"]
[BlackElo "2247"]
[WhiteElo "1987"]
[LiveChessVersion "1.4.8"]

1. e4 {[%clk 0:03:03]} c6 {[%clk 0:03:02]} 2. d4 {[%clk 0:03:04]} d5
{[%clk 0:03:03]} 3. exd5 {[%clk 0:03:05]} cxd5 {[%clk 0:03:04]} 4. Bd3
{[%clk 0:03:06]} Nc6 {[%clk 0:03:03]} 5. c3 {[%clk 0:03:07]} Nf6 {[%clk 0:03:02]}
6. h3 {[%clk 0:03:07]} g6 {[%clk 0:03:03]} 7. Nf3 {[%clk 0:03:07]} Bf5
{[%clk 0:03:04]} 8. Be2 {[%clk 0:03:08]} Bg7 {[%clk 0:03:04]} 9. O-O
{[%clk 0:03:09]} O-O {[%clk 0:03:04]} 10. Nbd2 {[%clk 0:03:10]} Qc7
{[%clk 0:03:03]} 11. Re1 {[%clk 0:03:09]} Rfe8 {[%clk 0:03:02]} 12. Nf1
{[%clk 0:03:02]} a6 {[%clk 0:02:53]} 13. a4 {[%clk 0:02:57]} Rac8
{[%clk 0:02:51]} 14. Be3 {[%clk 0:02:44]} Ne4 {[%clk 0:02:48]} 15. N1d2
{[%clk 0:02:22]} Qb6 {[%clk 0:02:46]} 16. Qb3 {[%clk 0:02:11]} Qxb3
{[%clk 0:02:27]} 17. Nxb3 {[%clk 0:02:12]} Nd6 {[%clk 0:02:28]} 18. Nc5
{[%clk 0:02:03]} Rc7 {[%clk 0:02:11]} 19. g4 {[%clk 0:02:02]} Bc8
{[%clk 0:02:09]} 20. a5 {[%clk 0:01:58]} Nd8 {[%clk 0:01:57]} 21. b4
{[%clk 0:01:20]} f6 {[%clk 0:01:57]} 22. Rad1 {[%clk 0:01:18]} Nc6
{[%clk 0:01:48]} 23. Bf4 {[%clk 0:01:14]} Rd8 {[%clk 0:01:44]} 24. Bd3
{[%clk 0:01:11]} Kf7 {[%clk 0:01:44]} 25. Bg3 {[%clk 0:01:02]} e6
{[%clk 0:01:45]} 26. g5 {[%clk 0:00:57]} f5 {[%clk 0:01:42]} 27. Kg2
{[%clk 0:00:40]} Re7 {[%clk 0:01:42]} 28. Ne5+ {[%clk 0:00:35]} Bxe5
{[%clk 0:01:32]} 29. Bxe5 {[%clk 0:00:35]} Nxe5 {[%clk 0:01:32]} 30. Rxe5
{[%clk 0:00:31]} Bd7 {[%clk 0:01:21]} 31. f3 {[%clk 0:00:30]} Bb5
{[%clk 0:01:17]} 32. Bc2 {[%clk 0:00:26]} Bc6 {[%clk 0:01:13]} 33. Bd3
{[%clk 0:00:27]} Bb5 {[%clk 0:01:11]} 34. Bc2 {[%clk 0:00:28]} Nc4
{[%clk 0:01:11]} 35. Ree1 {[%clk 0:00:28]} Rde8 {[%clk 0:01:07]} 36. Kg3
{[%clk 0:00:29]} e5 {[%clk 0:00:54]} 37. dxe5 {[%clk 0:00:29]} Rxe5
{[%clk 0:00:55]} 38. Rxe5 {[%clk 0:00:30]} Rxe5 {[%clk 0:00:55]} 39. Nxb7
{[%clk 0:00:28]} Re3 {[%clk 0:00:38]} 40. Rd3 {[%clk 0:00:26]} Re2
{[%clk 0:00:34]} 41. Bb3 {[%clk 0:00:26]} Ne3 {[%clk 0:00:21]} 42. Nd6+
{[%clk 0:00:26]} Ke6 {[%clk 0:00:21]} 43. Nxb5 {[%clk 0:00:27]} axb5
{[%clk 0:00:22]} 44. a6 {[%clk 0:00:24]} Ke5 {[%clk 0:00:20]} 45. f4+
{[%clk 0:00:23]} Ke4 {[%clk 0:00:20]} 46. a7 {[%clk 0:00:24]} Rg2+
{[%clk 0:00:09]} 47. Kh4 {[%clk 0:00:25]} Kxf4 {[%clk 0:00:09]} 48. Rd4+
{[%clk 0:00:25]} Kf3 {[%clk 0:00:10]} 49. Bxd5+ {[%clk 0:00:26]} Nxd5
{[%clk 0:00:10]} 50. a8=Q {[%clk 0:00:23]} 1-0

[Event "Russian Blitz Team Championship (w)"]
[Site "Sochi"]
[Date "2022.10.17"]
[Round "8.10"]
[White "Bivol, Alina"]
[Black "Dimitrova, Aleksandra"]
[Result "1-0"]
[BlackElo "2051"]
[WhiteElo "2264"]
[LiveChessVersion "1.4.8"]

1. e4 {[%clk 0:03:03]} c5 {[%clk 0:03:03]} 2. Nf3 {[%clk 0:03:04]} e6
{[%clk 0:03:04]} 3. g3 {[%clk 0:03:05]} Nc6 {[%clk 0:03:05]} 4. Bg2
{[%clk 0:03:06]} Nf6 {[%clk 0:03:03]} 5. Qe2 {[%clk 0:03:07]} e5 {[%clk 0:03:03]}
6. c3 {[%clk 0:03:05]} Be7 {[%clk 0:03:01]} 7. O-O {[%clk 0:03:05]} O-O
{[%clk 0:03:01]} 8. Rd1 {[%clk 0:02:57]} Re8 {[%clk 0:03:02]} 9. Na3
{[%clk 0:02:55]} Bf8 {[%clk 0:02:57]} 10. b3 {[%clk 0:02:40]} d5 {[%clk 0:02:55]}
11. exd5 {[%clk 0:02:36]} Nxd5 {[%clk 0:02:56]} 12. h3 {[%clk 0:02:33]} e4
{[%clk 0:02:46]} 13. Ne1 {[%clk 0:02:31]} Bf5 {[%clk 0:02:40]} 14. Bb2
{[%clk 0:02:28]} Ne5 {[%clk 0:02:31]} 15. Nc4 {[%clk 0:02:17]} Nxc4
{[%clk 0:01:58]} 16. Qxc4 {[%clk 0:02:15]} Nf6 {[%clk 0:01:33]} 17. Nc2
{[%clk 0:02:09]} Qd7 {[%clk 0:01:28]} 18. Kh2 {[%clk 0:02:09]} b5
{[%clk 0:01:29]} 19. Qe2 {[%clk 0:02:06]} Qd3 {[%clk 0:01:26]} 20. Qxd3
{[%clk 0:01:54]} exd3 {[%clk 0:01:27]} 21. Ne3 {[%clk 0:01:54]} Be4
{[%clk 0:01:29]} 22. c4 {[%clk 0:01:49]} b4 {[%clk 0:01:21]} 23. Bxf6
{[%clk 0:01:46]} gxf6 {[%clk 0:01:09]} 24. Re1 {[%clk 0:01:44]} Bxg2
{[%clk 0:01:03]} 25. Kxg2 {[%clk 0:01:45]} Bd6 {[%clk 0:00:53]} 26. Nd5
{[%clk 0:01:39]} Kg7 {[%clk 0:00:40]} 27. f4 {[%clk 0:01:19]} f5 {[%clk 0:00:40]}
28. Kf3 {[%clk 0:01:18]} Kg6 {[%clk 0:00:40]} 29. Re3 {[%clk 0:01:13]} Re6
{[%clk 0:00:36]} 30. Rae1 {[%clk 0:01:05]} Rae8 {[%clk 0:00:36]} 31. g4
{[%clk 0:00:46]} h5 {[%clk 0:00:30]} 32. gxh5+ {[%clk 0:00:44]} Kh6
{[%clk 0:00:26]} 33. Rg1 {[%clk 0:00:40]} Kxh5 {[%clk 0:00:15]} 34. Rg5+
{[%clk 0:00:40]} Kh6 {[%clk 0:00:15]} 35. Rxf5 {[%clk 0:00:40]} Rg8
{[%clk 0:00:14]} 36. Rxf7 {[%clk 0:00:31]} Reg6 {[%clk 0:00:15]} 37. Rf6
{[%clk 0:00:30]} Kh5 {[%clk 0:00:11]} 38. Rxg6 {[%clk 0:00:28]} Rxg6
{[%clk 0:00:12]} 39. Rxd3 {[%clk 0:00:29]} Bf8 {[%clk 0:00:10]} 40. Ne3
{[%clk 0:00:29]} Rg1 {[%clk 0:00:09]} 41. Rd5+ {[%clk 0:00:30]} Kh6
{[%clk 0:00:09]} 42. Rf5 {[%clk 0:00:25]} Bg7 {[%clk 0:00:09]} 43. Rxc5
{[%clk 0:00:24]} Ra1 {[%clk 0:00:09]} 44. Ra5 {[%clk 0:00:25]} Bd4
{[%clk 0:00:04]} 45. Nf5+ {[%clk 0:00:26]} 1-0

[Event "Russian Blitz Team Championship (w)"]
[Site "Sochi"]
[Date "2022.10.17"]
[Round "8.11"]
[White "Stepanyan, Eva"]
[Black "Kovalevskaya, Ekaterina"]
[Result "0-1"]
[BlackElo "2254"]
[WhiteElo "1903"]
[LiveChessVersion "1.4.8"]

1. e4 {[%clk 0:03:02]} c5 {[%clk 0:03:03]} 2. Nf3 {[%clk 0:03:03]} Nc6
{[%clk 0:03:05]} 3. d4 {[%clk 0:03:04]} cxd4 {[%clk 0:03:05]} 4. Nxd4
{[%clk 0:03:05]} e5 {[%clk 0:03:06]} 5. Nb5 {[%clk 0:03:04]} d6 {[%clk 0:03:07]}
6. c4 {[%clk 0:02:57]} Be7 {[%clk 0:03:07]} 7. N1c3 {[%clk 0:02:58]} a6
{[%clk 0:03:09]} 8. Na3 {[%clk 0:02:59]} Nf6 {[%clk 0:03:07]} 9. Nc2
{[%clk 0:02:57]} O-O {[%clk 0:03:07]} 10. Be2 {[%clk 0:02:54]} Be6
{[%clk 0:03:07]} 11. Be3 {[%clk 0:02:55]} Rc8 {[%clk 0:03:08]} 12. Qd2
{[%clk 0:02:47]} h6 {[%clk 0:02:55]} 13. O-O {[%clk 0:02:46]} Nxe4
{[%clk 0:02:47]} 14. Nxe4 {[%clk 0:02:41]} f5 {[%clk 0:02:48]} 15. Bxh6
{[%clk 0:01:38]} fxe4 {[%clk 0:02:44]} 16. Be3 {[%clk 0:01:38]} b5
{[%clk 0:01:58]} 17. b3 {[%clk 0:01:00]} bxc4 {[%clk 0:01:53]} 18. bxc4
{[%clk 0:00:36]} Qa5 {[%clk 0:01:05]} 19. Qd1 {[%clk 0:00:19]} Qa4
{[%clk 0:00:59]} 20. f3 {[%clk 0:00:09]} exf3 {[%clk 0:00:56]} 21. Rxf3
{[%clk 0:00:10]} Bxc4 {[%clk 0:00:50]} 22. Ne1 {[%clk 0:00:04]} Qxd1
{[%clk 0:00:48]} 23. Bxc4+ {[%clk 0:00:05]} d5 {[%clk 0:00:50]} 24. Rxd1
{[%clk 0:00:04]} dxc4 {[%clk 0:00:50]} 25. Rxf8+ {[%clk 0:00:04]} Bxf8
{[%clk 0:00:47]} 26. Rc1 {[%clk 0:00:06]} Nb4 {[%clk 0:00:43]} 27. Bd2
{[%clk 0:00:06]} Nd5 {[%clk 0:00:40]} 28. Ba5 {[%clk 0:00:06]} Bc5+
{[%clk 0:00:32]} 29. Kf1 {[%clk 0:00:05]} Ba3 {[%clk 0:00:33]} 30. Rb1
{[%clk 0:00:05]} c3 {[%clk 0:00:30]} 31. Nc2 {[%clk 0:00:06]} Bc5
{[%clk 0:00:30]} 32. Ke2 {[%clk 0:00:06]} Nf4+ {[%clk 0:00:30]} 33. Kf3
{[%clk 0:00:06]} g5 {[%clk 0:00:16]} 34. Bxc3 {[%clk 0:00:04]} Bf8
{[%clk 0:00:14]} 35. Rb3 {[%clk 0:00:05]} Nd5 {[%clk 0:00:15]} 36. Bxe5
{[%clk 0:00:05]} Rxc2 {[%clk 0:00:16]} 37. Ra3 {[%clk 0:00:06]} Bxa3
{[%clk 0:00:16]} 0-1

[Event "Russian Blitz Team Championship (w)"]
[Site "Sochi"]
[Date "2022.10.17"]
[Round "8.12"]
[White "Borisova, Ekaterina"]
[Black "Ivanova, Anastasia S."]
[Result "1-0"]
[BlackElo "1902"]
[WhiteElo "2134"]
[LiveChessVersion "1.4.8"]

1. d4 {[%clk 0:03:03]} Nf6 {[%clk 0:03:03]} 2. c4 {[%clk 0:03:04]} g6
{[%clk 0:03:05]} 3. g3 {[%clk 0:03:06]} Bg7 {[%clk 0:03:06]} 4. Bg2
{[%clk 0:03:07]} d5 {[%clk 0:03:06]} 5. cxd5 {[%clk 0:03:07]} Nxd5
{[%clk 0:03:07]} 6. Nf3 {[%clk 0:03:08]} O-O {[%clk 0:03:07]} 7. O-O
{[%clk 0:03:08]} c6 {[%clk 0:02:58]} 8. e4 {[%clk 0:03:07]} Nb6 {[%clk 0:02:59]}
9. h3 {[%clk 0:03:04]} h6 {[%clk 0:02:58]} 10. Nc3 {[%clk 0:03:03]} Be6
{[%clk 0:02:56]} 11. Qc2 {[%clk 0:02:54]} Qd7 {[%clk 0:02:54]} 12. Kh2
{[%clk 0:02:55]} Na6 {[%clk 0:02:52]} 13. b3 {[%clk 0:02:39]} Nb4
{[%clk 0:02:40]} 14. Qd2 {[%clk 0:02:39]} Rfd8 {[%clk 0:02:31]} 15. Rd1
{[%clk 0:02:35]} a5 {[%clk 0:01:56]} 16. Ba3 {[%clk 0:02:32]} Na6
{[%clk 0:01:44]} 17. Qe3 {[%clk 0:02:09]} Nc8 {[%clk 0:01:19]} 18. Rac1
{[%clk 0:02:06]} Qe8 {[%clk 0:01:17]} 19. d5 {[%clk 0:01:52]} cxd5
{[%clk 0:01:09]} 20. exd5 {[%clk 0:01:51]} Bd7 {[%clk 0:01:04]} 21. Ne4
{[%clk 0:01:42]} Bf5 {[%clk 0:00:57]} 22. Nd4 {[%clk 0:01:25]} Bxe4
{[%clk 0:00:55]} 23. Qxe4 {[%clk 0:01:23]} Nd6 {[%clk 0:00:55]} 24. Qe2
{[%clk 0:01:20]} Rab8 {[%clk 0:00:44]} 25. Bxd6 {[%clk 0:01:12]} exd6
{[%clk 0:00:29]} 26. Qxe8+ {[%clk 0:01:11]} Rxe8 {[%clk 0:00:30]} 27. Nb5
{[%clk 0:01:12]} Bf8 {[%clk 0:00:25]} 28. Bf3 {[%clk 0:01:06]} Nc5
{[%clk 0:00:20]} 29. Rc3 {[%clk 0:01:04]} Re5 {[%clk 0:00:14]} 30. Kg2
{[%clk 0:00:55]} Rbe8 {[%clk 0:00:15]} 31. a3 {[%clk 0:00:55]} Re1
{[%clk 0:00:12]} 32. Rxe1 {[%clk 0:00:54]} Rxe1 {[%clk 0:00:13]} 33. b4
{[%clk 0:00:55]} axb4 {[%clk 0:00:13]} 34. axb4 {[%clk 0:00:56]} Ne4
{[%clk 0:00:08]} 35. Rc8 {[%clk 0:00:52]} Kg7 {[%clk 0:00:08]} 36. Rc7
{[%clk 0:00:45]} Nd2 {[%clk 0:00:07]} 37. Rxb7 {[%clk 0:00:44]} Rb1
{[%clk 0:00:07]} 38. Nc7 {[%clk 0:00:41]} Kf6 {[%clk 0:00:07]} 39. b5
{[%clk 0:00:39]} Nb3 {[%clk 0:00:07]} 40. Ne8+ {[%clk 0:00:36]} Ke5
{[%clk 0:00:08]} 41. Rxf7 {[%clk 0:00:35]} 1-0

[Event "Russian Blitz Team Championship (w)"]
[Site "Sochi"]
[Date "2022.10.17"]
[Round "9.1"]
[White "Girya, Olga"]
[Black "Kleymenova, Valeria"]
[Result "0-1"]
[BlackElo "2041"]
[WhiteElo "2298"]
[LiveChessVersion "1.4.8"]

1. d4 {[%clk 0:03:02]} Nf6 {[%clk 0:03:03]} 2. Nf3 {[%clk 0:03:03]} d5
{[%clk 0:03:05]} 3. c4 {[%clk 0:03:04]} e6 {[%clk 0:03:05]} 4. Nc3
{[%clk 0:03:05]} a6 {[%clk 0:03:06]} 5. cxd5 {[%clk 0:03:06]} exd5
{[%clk 0:03:07]} 6. Bf4 {[%clk 0:03:02]} c6 {[%clk 0:03:05]} 7. e3
{[%clk 0:03:03]} Bf5 {[%clk 0:03:00]} 8. Qb3 {[%clk 0:02:53]} Qc8
{[%clk 0:02:54]} 9. Rc1 {[%clk 0:02:46]} Nbd7 {[%clk 0:02:49]} 10. h3 Be7
{[%clk 0:02:29]} 11. Be2 {[%clk 0:02:46]} O-O {[%clk 0:02:29]} 12. O-O
{[%clk 0:02:47]} h6 {[%clk 0:02:28]} 13. Ne5 {[%clk 0:02:43]} Ra7
{[%clk 0:01:54]} 14. Rfe1 {[%clk 0:02:23]} Qd8 {[%clk 0:01:47]} 15. Bf1
{[%clk 0:01:56]} Ne4 {[%clk 0:01:34]} 16. Nxe4 {[%clk 0:01:54]} Bxe4
{[%clk 0:01:35]} 17. Nxd7 {[%clk 0:01:33]} Qxd7 {[%clk 0:01:36]} 18. Red1
{[%clk 0:01:30]} Raa8 {[%clk 0:01:32]} 19. Bg3 {[%clk 0:01:19]} Rfe8
{[%clk 0:01:30]} 20. Re1 {[%clk 0:01:19]} Rac8 {[%clk 0:01:25]} 21. Rcd1
{[%clk 0:01:20]} Bf6 {[%clk 0:01:21]} 22. Bd3 {[%clk 0:01:05]} Bxd3
{[%clk 0:01:09]} 23. Qxd3 {[%clk 0:01:06]} Be7 {[%clk 0:01:10]} 24. Rb1
{[%clk 0:01:02]} a5 {[%clk 0:01:00]} 25. Qd2 {[%clk 0:00:55]} Bb4
{[%clk 0:01:00]} 26. Qd3 {[%clk 0:00:55]} Bxe1 {[%clk 0:01:00]} 27. Rxe1
{[%clk 0:00:56]} c5 {[%clk 0:00:56]} 28. dxc5 {[%clk 0:00:39]} Rxc5
{[%clk 0:00:41]} 29. Rd1 {[%clk 0:00:39]} Qb5 {[%clk 0:00:41]} 30. Qd2
{[%clk 0:00:05]} Qc4 {[%clk 0:00:36]} 31. h4 Qe4 32. Rc1 {[%clk 0:00:05]} Rec8
{[%clk 0:00:32]} 33. Rxc5 {[%clk 0:00:06]} Rxc5 {[%clk 0:00:34]} 34. Kh2
{[%clk 0:00:08]} b6 35. Qe2 {[%clk 0:00:09]} Rc2 {[%clk 0:00:24]} 36. Qb5 Qe6
{[%clk 0:00:22]} 37. Qb3 {[%clk 0:00:10]} Qc6 {[%clk 0:00:21]} 38. a3
{[%clk 0:00:07]} b5 {[%clk 0:00:20]} 39. Qd3 {[%clk 0:00:04]} Rxb2
{[%clk 0:00:20]} 40. Be5 {[%clk 0:00:04]} Rxf2 {[%clk 0:00:13]} 41. Qd4
{[%clk 0:00:06]} Qg6 {[%clk 0:00:12]} 42. Bg3 {[%clk 0:00:07]} Rf5
{[%clk 0:00:06]} 43. Qb6 {[%clk 0:00:05]} Qxb6 {[%clk 0:00:06]} 0-1

[Event "Russian Blitz Team Championship (w)"]
[Site "Sochi"]
[Date "2022.10.17"]
[Round "9.2"]
[White "Aleshina, Arina"]
[Black "Garifullina, Leya"]
[Result "0-1"]
[BlackElo "2267"]
[WhiteElo "1705"]
[LiveChessVersion "1.4.8"]

1. e4 {[%clk 0:03:03]} c5 {[%clk 0:03:02]} 2. Nf3 {[%clk 0:03:04]} d6
{[%clk 0:03:03]} 3. d4 {[%clk 0:03:05]} cxd4 {[%clk 0:03:04]} 4. Qxd4
{[%clk 0:03:06]} Nf6 {[%clk 0:03:05]} 5. Bg5 {[%clk 0:03:06]} Nc6
{[%clk 0:03:03]} 6. Bb5 {[%clk 0:03:07]} Bd7 {[%clk 0:03:04]} 7. Bxc6
{[%clk 0:03:08]} Bxc6 {[%clk 0:03:05]} 8. Nc3 {[%clk 0:03:09]} e6
{[%clk 0:03:06]} 9. Qd3 {[%clk 0:03:10]} Be7 {[%clk 0:03:06]} 10. Nd4
{[%clk 0:03:11]} Rc8 {[%clk 0:03:05]} 11. O-O-O {[%clk 0:03:10]} a6
{[%clk 0:03:04]} 12. f4 {[%clk 0:03:09]} Qa5 {[%clk 0:02:57]} 13. h4
{[%clk 0:03:03]} Bd7 {[%clk 0:02:35]} 14. Nb3 {[%clk 0:02:48]} Qc7
{[%clk 0:02:27]} 15. f5 {[%clk 0:02:13]} h6 {[%clk 0:02:20]} 16. fxe6
{[%clk 0:02:09]} Bxe6 {[%clk 0:01:45]} 17. Bxf6 {[%clk 0:01:54]} Bxf6
{[%clk 0:01:45]} 18. Nd4 {[%clk 0:01:49]} O-O {[%clk 0:01:05]} 19. Kb1
{[%clk 0:01:25]} Be5 {[%clk 0:00:58]} 20. Rd2 {[%clk 0:01:17]} b5
{[%clk 0:00:58]} 21. Nd5 {[%clk 0:01:15]} Qb7 {[%clk 0:00:42]} 22. Nf5
{[%clk 0:01:10]} Bxf5 {[%clk 0:00:35]} 23. exf5 {[%clk 0:01:11]} Rc4
{[%clk 0:00:36]} 24. Ne3 {[%clk 0:01:04]} Rd4 {[%clk 0:00:33]} 25. Qe2
{[%clk 0:01:00]} Rxd2 {[%clk 0:00:33]} 26. Qxd2 {[%clk 0:01:01]} Qe4
{[%clk 0:00:26]} 27. Nd5 {[%clk 0:00:39]} Kh8 {[%clk 0:00:27]} 28. Rf1
{[%clk 0:00:37]} Qxh4 {[%clk 0:00:23]} 29. a3 {[%clk 0:00:35]} Rc8
{[%clk 0:00:23]} 30. f6 {[%clk 0:00:22]} gxf6 {[%clk 0:00:15]} 31. Ne7
{[%clk 0:00:23]} Rc4 {[%clk 0:00:11]} 32. Nf5 {[%clk 0:00:23]} Qg5
{[%clk 0:00:12]} 33. Qd5 {[%clk 0:00:18]} Rf4 {[%clk 0:00:09]} 34. Rxf4
{[%clk 0:00:17]} Qxf4 {[%clk 0:00:10]} 35. Ne7 {[%clk 0:00:15]} Qd4
{[%clk 0:00:08]} 36. Qb3 {[%clk 0:00:14]} Qc4 {[%clk 0:00:05]} 37. Qh3
{[%clk 0:00:12]} Qf4 {[%clk 0:00:03]} 38. c3 {[%clk 0:00:11]} Bxc3 39. Qc8+
{[%clk 0:00:09]} Kg7 {[%clk 0:00:04]} 40. Qxc3 {[%clk 0:00:10]} Qe4+
{[%clk 0:00:06]} 41. Ka2 {[%clk 0:00:09]} Qxe7 {[%clk 0:00:07]} 42. Qg3+
{[%clk 0:00:10]} Kf8 {[%clk 0:00:08]} 43. Qh4 {[%clk 0:00:08]} Qe6+
{[%clk 0:00:09]} 44. Ka1 {[%clk 0:00:09]} f5 {[%clk 0:00:10]} 45. Qd4
{[%clk 0:00:09]} Qe5 {[%clk 0:00:11]} 46. Qa7 {[%clk 0:00:09]} Qe1+
{[%clk 0:00:06]} 47. Ka2 {[%clk 0:00:10]} b4 {[%clk 0:00:05]} 48. Qxa6
{[%clk 0:00:10]} Qe6+ {[%clk 0:00:06]} 49. Ka1 {[%clk 0:00:09]} b3
{[%clk 0:00:07]} 50. Qf1 {[%clk 0:00:09]} Qe4 {[%clk 0:00:05]} 51. Qd1
{[%clk 0:00:07]} Qe6 {[%clk 0:00:03]} 52. Kb1 {[%clk 0:00:07]} Kg7
{[%clk 0:00:05]} 53. Qd4+ {[%clk 0:00:08]} Kh7 {[%clk 0:00:06]} 54. Qd1
{[%clk 0:00:08]} f4 {[%clk 0:00:05]} 55. Kc1 {[%clk 0:00:06]} Qe3+
{[%clk 0:00:06]} 56. Kb1 {[%clk 0:00:07]} Qe4+ {[%clk 0:00:07]} 57. Kc1
{[%clk 0:00:08]} Qc4+ {[%clk 0:00:07]} 58. Kb1 {[%clk 0:00:09]} d5
{[%clk 0:00:07]} 59. Qf3 {[%clk 0:00:06]} Qc2+ {[%clk 0:00:08]} 60. Ka1
{[%clk 0:00:07]} Qc1# {[%clk 0:00:09]} 0-1